Statistiques concernant Chansons de Coquin de printemps

Cliquez ici pour prendre le quiz!

Statistiques générales

  • Ce quiz a été pris 2 fois
  • Le résultat moyen est 3 sur 8

Statistiques - réponses

Personnage(s)IndicesChansons% Correct
Harpe MagiqueDébut de la 2ème histoireAh, Bonjour le printemps
100%
Soliste et chœurUne façon étonnante de déclarer sa flammeDîtes "Je t'aime" avec une claque
100%
Chœur (puis Jiminy Cricket)Générique de début et de finFarandole et Fantaisie
50%
Willie le géantLa formule magique du géantFi Fai Fo Fum
50%
Soliste et chœurBongo rencontre l'amourCe n'est qu'un rêve un peu fou
0%
Harpe MagiqueUne petite berceuse pour le géantC'est parfois vrai un rêve
0%
ChoeurJiminy se dirige à une fêteFarandole et Fantaisie (reprise)
0%
Soliste et chœurBongo découvre la natureUn monde enchanteur
0%

Distribution des résultats

Percentile par nombre de réponses

% des personnes avec chaque résultat

Votre développement - résultats

Vous n’avez pas pris ce quiz